[Event "RA Spring Thaw"]
[Site "Ottawa CAN"]
[Date "2010.04.29"]
[Round "6"]
[White "Qin, Zi Yi (Joey)"]
[Black "Pacey, Kevin"]
[Result "0-1"]
[WhiteElo "2304"]
[BlackElo "2377"]
[PlyCount "78"]
[EventDate "2010.03.25"]
[EventType "swiss"]
[EventRounds "6"]
[EventCountry "CAN"]

1. e4 Nc6 2. Nf3 e6 3. d4 d5 4. Nbd2 Nf6 5. e5 Nd7 6. Be2 f6 7. exf6 Qxf6 8.
Nf1 Bd6 9. Ne3 O-O 10. O-O b6 11. c4 Ne7 12. Ng4 Qg6 13. Nge5 Nxe5 14. dxe5 Bc5
15. Bd3 Qh5 16. Bd2 dxc4 17. Bxc4 Nd5 18. Ng5 Qxd1 19. Raxd1 h6 20. Ne4 Bd4 21.
Bxh6 Bxb2 22. Bc1 Bxc1 23. Rxc1 Rf5 24. Bxd5 exd5 25. Ng3 Rxe5 26. Rxc7 Ba6 27.
Rd1 d4 28. f4 Rc5 29. Rd7 d3 30. f5 Rac8 31. Ne4 R5c7 32. Rxc7 Rxc7 33. Rd2 Rc2
34. Kf2 Bb7 35. Ke3 Bxe4 36. Rd1 Bxf5 37. Rf1 Re2+ 38. Kf4 d2 39. Rd1 Bc2 0-1

[Event "RA Spring op"]
[Site "Ottawa CAN"]
[Date "2010.03.06"]
[Round "2"]
[White "Sambuev, Bator"]
[Black "Collins, Chris"]
[Result "1-0"]
[WhiteElo "2610"]
[BlackElo "2150"]
[PlyCount "99"]
[EventDate "2010.03.05"]
[EventType "swiss"]
[EventRounds "5"]
[EventCountry "CAN"]

1. e4 e5 2. Nf3 Nc6 3. Bb5 a6 4. Ba4 Nf6 5. O-O Be7 6. Re1 b5 7. Bb3 d6 8. c3
O-O 9. h3 Na5 10. Bc2 c5 11. d4 Qc7 12. Nbd2 Nc6 13. dxc5 dxc5 14. Nh2 Be6 15.
Qf3 Rfe8 16. Ndf1 c4 17. Ng4 Nxg4 18. hxg4 h6 19. Ng3 Bg5 20. Bxg5 hxg5 21. Nf5
Rad8 22. Re2 f6 23. b3 Kf7 24. Ne3 b4 25. Nxc4 bxc3 26. Qxc3 Nd4 27. Re3 Bxg4
28. Bd3 Rh8 29. Rc1 Rc8 30. Bf1 Rh6 31. f3 Be6 32. Qb4 Kg6 33. Kf2 g4 34. fxg4
Qa7 35. Rcc3 Rh4 36. Qb6 Qxb6 37. Nxb6 Rxc3 38. Rxc3 a5 39. Nc4 Bxc4 40. Bxc4
Rxg4 41. g3 f5 42. exf5+ Kxf5 43. Bf1 Kf6 44. Rc5 a4 45. bxa4 Nf5 46. a5 Rxg3
47. a4 Ra3 48. Bb5 Nd4 49. a6 Kf5 50. a7 1-0

[Event "RA Spring op"]
[Site "Ottawa CAN"]
[Date "2010.03.06"]
[Round "3"]
[White "Laurin, Marcel"]
[Black "Renault, Joshua"]
[Result "1-0"]
[WhiteElo "1819"]
[BlackElo "1904"]
[PlyCount "53"]
[EventDate "2010.03.05"]
[EventType "swiss"]
[EventRounds "5"]
[EventCountry "CAN"]

1. b4 e6 2. Bb2 Nf6 3. a3 d5 4. e3 g6 5. Be2 Bg7 6. Nf3 O-O 7. O-O b6 8. d3 Bb7
9. Nbd2 Nbd7 10. c4 c5 11. cxd5 Nxd5 12. Bxg7 Kxg7 13. Qb3 cxb4 14. axb4 Qe7
15. Rab1 Rac8 16. Nc4 b5 17. Na5 Ba8 18. Rfc1 Rxc1+ 19. Rxc1 Qxb4 20. Qxb4 Nxb4
21. Rc7 Nf6 22. Nd4 Nfd5 23. Rxa7 Kf6 24. Nxb5 Rc8 25. Rxf7+ Kg5 26. Nc4 h5 27.
Nd4 1-0

[Event "RA Spring op"]
[Site "Ottawa CAN"]
[Date "2010.03.06"]
[Round "3"]
[White "Pace, Christopher"]
[Black "Sambuev, Bator"]
[Result "0-1"]
[WhiteElo "2086"]
[BlackElo "2610"]
[PlyCount "86"]
[EventDate "2010.03.05"]
[EventType "swiss"]
[EventRounds "5"]
[EventCountry "CAN"]

1. g3 d5 2. Bg2 e5 3. c4 d4 4. d3 Nc6 5. Nf3 Bb4+ 6. Bd2 a5 7. O-O Nge7 8. a3
Bc5 9. Ne1 O-O 10. Nc2 Bg4 11. Qe1 a4 12. Bb4 Bb6 13. Nd2 Qd7 14. Nf3 f6 15.
Kh1 Nd8 16. Ng1 c6 17. Rb1 Ne6 18. b3 Nc5 19. Bxc5 Bxc5 20. b4 Ba7 21. b5 Bc5
22. bxc6 bxc6 23. Qd2 Qd6 24. Nb4 Rfb8 25. Rb2 Bd7 26. Rfb1 Nf5 27. Nf3 Re8 28.
Qc2 Nh6 29. Nd2 f5 30. Kg1 Ng4 31. h3 Nf6 32. Ra2 h5 33. Rab2 h4 34. g4 fxg4
35. Ne4 Nxe4 36. Bxe4 gxh3 37. Kh1 Qf6 38. f3 h2 39. Qd2 Be7 40. Kxh2 Qe6 41.
Kg1 Qh3 42. Nxc6 Qg3+ 43. Kh1 Bg5 0-1

[Event "RA Spring op"]
[Site "Ottawa CAN"]
[Date "2010.03.06"]
[Round "3"]
[White "Upper, John"]
[Black "Sapozhnikov, Roman"]
[Result "0-1"]
[WhiteElo "2209"]
[BlackElo "2400"]
[PlyCount "68"]
[EventDate "2010.03.05"]
[EventType "swiss"]
[EventRounds "5"]
[EventCountry "CAN"]

1. d4 Nf6 2. Nf3 g6 3. g3 Bg7 4. Bg2 O-O 5. O-O d6 6. c4 c6 7. Nc3 Qa5 8. e4 e5
9. h3 Nbd7 10. a3 exd4 11. Nxd4 Ne5 12. b4 Qb6 13. c5 dxc5 14. Na4 Qd8 15. Nxc5
b6 16. Ncb3 c5 17. bxc5 Ba6 18. f4 Bxf1 19. Qxf1 bxc5 20. fxe5 Nd7 21. Nf3 Rb8
22. Bg5 Qc8 23. Qc4 Nxe5 24. Nxe5 Bxe5 25. Rf1 Qe6 26. Qxe6 fxe6 27. Rxf8+ Kxf8
28. Nd2 Bd4+ 29. Kf1 Rb2 30. Bh1 Kg7 31. Nc4 Rc2 32. Ne3 Rc3 33. Nd1 Rxg3 34.
h4 Rg1+ 0-1

[Event "RA Spring op"]
[Site "Ottawa CAN"]
[Date "2010.03.07"]
[Round "4"]
[White "Lidstone, Phil"]
[Black "Meyer, Ralf"]
[Result "1/2-1/2"]
[WhiteElo "1682"]
[BlackElo "1670"]
[PlyCount "74"]
[EventDate "2010.03.05"]
[EventType "swiss"]
[EventRounds "5"]
[EventCountry "CAN"]

1. e4 c6 2. d4 d5 3. Nc3 dxe4 4. Nxe4 Bf5 5. Ng3 Bg6 6. Nf3 Nf6 7. h4 h6 8. Ne5
Bh7 9. Bd3 Bxd3 10. Qxd3 Nbd7 11. Qf3 Nxe5 12. dxe5 Qa5+ 13. Qc3 Qxc3+ 14. bxc3
Nd5 15. Bd2 e6 16. Rb1 Rb8 17. Ne4 b6 18. c4 Nc7 19. Ke2 Rd8 20. g4 Rd4 21. f3
Rxc4 22. c3 Na6 23. Rhd1 Nc5 24. Nxc5 Rxc5 25. f4 Rd5 26. Be3 Rxd1 27. Kxd1 Be7
28. a4 O-O 29. a5 Rb8 30. h5 c5 31. axb6 axb6 32. c4 Kf8 33. Kc2 Ke8 34. Kd3
Kd7 35. Ke4 Kc6 36. f5 Ra8 37. f6 Bf8 1/2-1/2

[Event "RA Spring op"]
[Site "Ottawa CAN"]
[Date "2010.03.07"]
[Round "4"]
[White "Sambuev, Bator"]
[Black "Szalay, Karoly"]
[Result "1-0"]
[WhiteElo "2610"]
[BlackElo "2356"]
[PlyCount "53"]
[EventDate "2010.03.05"]
[EventType "swiss"]
[EventRounds "5"]
[EventCountry "CAN"]

1. d4 d5 2. c4 e6 3. Nc3 c6 4. Nf3 Nf6 5. Bg5 dxc4 6. e4 b5 7. e5 h6 8. Bh4 g5
9. Nxg5 hxg5 10. Bxg5 Nbd7 11. exf6 Bh6 12. Bxh6 Rxh6 13. g3 Bb7 14. Bg2 Qc7
15. Qd2 Rg6 16. O-O O-O-O 17. a4 a6 18. axb5 cxb5 19. Nxb5 axb5 20. Ra7 Nc5 21.
Qb4 Rxd4 22. Bxb7+ Nxb7 23. Ra8+ Qb8 24. Rxb8+ Kxb8 25. Qxb5 Rd5 26. Qe8+ Nd8
27. Qe7 1-0

[Event "RA Spring op"]
[Site "Ottawa CAN"]
[Date "2010.03.07"]
[Round "5"]
[White "Li, Ruokai (David)"]
[Black "Laurin, Marcel"]
[Result "1-0"]
[WhiteElo "1900"]
[BlackElo "1819"]
[PlyCount "77"]
[EventDate "2010.03.05"]
[EventType "swiss"]
[EventRounds "5"]
[EventCountry "CAN"]

1. e4 b6 2. d4 Bb7 3. Nc3 d6 4. Be3 Nd7 5. f3 e6 6. Nge2 h6 7. Qd2 Ne7 8. h4 a6
9. Bf2 b5 10. Nf4 Nb6 11. Bd3 Qd7 12. O-O-O d5 13. Rhe1 b4 14. Nb1 a5 15. exd5
Nexd5 16. Nxd5 Nxd5 17. Bc4 Bd6 18. Qe2 Bf4+ 19. Nd2 O-O 20. g3 Nc3 21. bxc3
bxc3 22. gxf4 Qa4 23. Nb1 Qb4 24. Nxc3 Qxc3 25. Qd3 Qb4 26. a3 Qd6 27. Rg1 Rfb8
28. Bg3 Ba6 29. Bxa6 Rxa6 30. f5 Qb6 31. Be5 f6 32. Bxf6 Kf7 33. Bxg7 Qb2+ 34.
Kd2 Rd6 35. fxe6+ Kxe6 36. Rde1+ Kd7 37. Qf5+ Kc6 38. Qc5+ Kd7 39. Be5 1-0

[Event "RA Summer Pickup #1"]
[Site "Ottawa CAN"]
[Date "2010.05.20"]
[Round "2"]
[White "Pacey, Kevin"]
[Black "Upper, John"]
[Result "1-0"]
[WhiteElo "2388"]
[BlackElo "2179"]
[PlyCount "111"]
[EventDate "2010.05.20"]
[EventType "swiss"]
[EventRounds "6"]
[EventCountry "CAN"]

1. Nf3 d5 2. c4 c6 3. d4 Nf6 4. Nc3 dxc4 5. a4 Bf5 6. Ne5 Nbd7 7. Nxc4 Qc7 8.
g3 e5 9. dxe5 Nxe5 10. Bf4 Nfd7 11. Bg2 g5 12. Nxe5 gxf4 13. Nxd7 O-O-O 14. Qd4
Qxd7 15. Qxd7+ Rxd7 16. gxf4 Rg8 17. Bf3 Bb4 18. Rd1 Bc2 19. Rxd7 Kxd7 20. Kd2
Bb3 21. Be4 Bxa4 22. Bxh7 Rh8 23. Bf5+ Ke7 24. Bc2 Bb5 25. h4 Rh5 26. e4 Bc4
27. Ke3 f6 28. f5 Bc5+ 29. Kf3 b5 30. b3 Bf7 31. Ne2 Rh8 32. Nf4 Bh5+ 33. Nxh5
Rxh5 34. Kg4 Rh8 35. f4 Bd4 36. h5 Kf7 37. h6 Kg8 38. Kh5 Kh7 39. e5 Rg8 40.
exf6 Bxf6 41. Be4 c5 42. Rd1 c4 43. bxc4 bxc4 44. Rd7+ Kh8 45. Rf7 Re8 46. Bc6
Rc8 47. Rxf6 c3 48. Ba4 c2 49. Bxc2 Rxc2 50. Rf8+ Kh7 51. Rf7+ Kh8 52. Rxa7
Rh2+ 53. Kg6 Rg2+ 54. Kf7 Rg8 55. f6 Rg6 56. Kxg6 1-0

[Event "RA Summer Pickup #1"]
[Site "Ottawa CAN"]
[Date "2010.05.27"]
[Round "3"]
[White "Bertrand, Daryl"]
[Black "Pacey, Kevin"]
[Result "1/2-1/2"]
[WhiteElo "2114"]
[BlackElo "2388"]
[PlyCount "67"]
[EventDate "2010.05.20"]
[EventType "swiss"]
[EventRounds "6"]
[EventCountry "CAN"]

1. e4 e5 2. Nf3 Nc6 3. Bb5 a6 4. Bxc6 dxc6 5. O-O f6 6. d4 Bg4 7. dxe5 Qxd1 8.
Rxd1 fxe5 9. Rd3 Bd6 10. Nbd2 Nf6 11. Nc4 Bxf3 12. gxf3 O-O-O 13. Bg5 h6 14.
Bxf6 gxf6 15. Rad1 Rdg8+ 16. Kh1 Bc5 17. Ne3 Bxe3 18. fxe3 Rg5 19. Rg1 Rhg8 20.
Rdd1 h5 21. Rxg5 fxg5 22. Rg1 Kd7 23. h4 g4 24. fxg4 hxg4 25. Kh2 Ke6 26. Rf1
Rd8 27. Kg3 Rd2 28. Rf2 Rd1 29. Kxg4 Rg1+ 30. Kf3 Rh1 31. Kg3 Re1 32. Kf3 Rh1
33. Kg3 Re1 34. Kf3 1/2-1/2

[Event "RA Summer Pickup #1"]
[Site "Ottawa CAN"]
[Date "2010.06.03"]
[Round "4"]
[White "Pacey, Kevin"]
[Black "Qassim, Hammam"]
[Result "1-0"]
[WhiteElo "2388"]
[BlackElo "2150"]
[PlyCount "77"]
[EventDate "2010.05.20"]
[EventType "swiss"]
[EventRounds "6"]
[EventCountry "CAN"]

1. e4 c5 2. Nf3 d6 3. d4 cxd4 4. Nxd4 Nf6 5. Nc3 a6 6. Bg5 e6 7. f4 Nc6 8. Nxc6
bxc6 9. e5 h6 10. Bh4 g5 11. fxg5 Nd5 12. Ne4 Qb6 13. Bd3 hxg5 14. Bf2 Qxb2 15.
exd6 f5 16. Nxg5 Qc3+ 17. Kf1 Bxd6 18. Qe1 Qf6 19. Nf3 Bb4 20. Bd4 Qg6 21. Qf2
Rg8 22. Ne5 Qg5 23. h4 Qf4 24. Qxf4 Nxf4 25. Nxc6 Bd6 26. Rb1 Bd7 27. Ne5 Bxe5
28. Bxe5 Nxg2 29. Kf2 Bc6 30. h5 Rg4 31. h6 Nh4 32. h7 Kf7 33. h8=Q Rxh8 34.
Bxh8 Bxh1 35. Rxh1 Ng6 36. Bc3 Ra4 37. Rh7+ Kf8 38. a3 Rf4+ 39. Ke3 1-0

[Event "RA Summer Pickup #1"]
[Site "Ottawa CAN"]
[Date "2010.06.10"]
[Round "5"]
[White "Marinkovic, Mate"]
[Black "Pacey, Kevin"]
[Result "0-1"]
[WhiteElo "2211"]
[BlackElo "2388"]
[PlyCount "104"]
[EventDate "2010.05.20"]
[EventType "swiss"]
[EventRounds "6"]
[EventCountry "CAN"]

1. c4 e6 2. d4 Nf6 3. Nc3 c5 4. d5 exd5 5. Nxd5 Nxd5 6. cxd5 d6 7. e4 Be7 8. f4
Bh4+ 9. g3 Bf6 10. Qa4+ Nd7 11. Bg2 O-O 12. Ne2 b5 13. Qc2 Qa5+ 14. Bd2 b4 15.
O-O Ba6 16. Rfe1 c4 17. Kh1 Nc5 18. Nc1 c3 19. bxc3 bxc3 20. Be3 Qa4 21. Qxa4
Nxa4 22. Nb3 Nb2 23. e5 dxe5 24. fxe5 Bxe5 25. Bc5 Nd3 26. Bxf8 Rxf8 27. Nc5
Nxe1 28. Rxe1 c2 29. Rc1 Rc8 30. Nxa6 Bb2 31. d6 Bxc1 32. d7 Rd8 33. Be4 Rxd7
34. Bxc2 Ba3 35. Bb3 Rd2 36. Nc7 g5 37. Nb5 Bc5 38. Nc3 Be3 39. Ne4 Rd4 40.
Nf6+ Kg7 41. Nd5 Re4 42. Kg2 g4 43. Bc2 Re5 44. Bb3 Bd2 45. Kf2 h5 46. Bc4 Kf8
47. Kg2 Ke8 48. Bb3 Re2+ 49. Kf1 Rxh2 50. Nf6+ Ke7 51. Ne4 Be3 52. Nc3 Bb6 0-1

[Event "RA Summer Pickup #2"]
[Site "Ottawa CAN"]
[Date "2010.06.24"]
[Round "1"]
[White "Pacey, Kevin"]
[Black "De Kerpel, Stijn"]
[Result "1-0"]
[WhiteElo "2400"]
[BlackElo "2177"]
[PlyCount "81"]
[EventDate "2010.06.24"]
[EventType "swiss"]
[EventRounds "6"]
[EventCountry "CAN"]

1. e4 g6 2. d4 Bg7 3. Nc3 d6 4. f4 a6 5. Nf3 b5 6. Bd3 Nd7 7. e5 e6 8. h4 Bb7
9. h5 b4 10. Ne4 d5 11. Neg5 Nf8 12. Nxf7 Kxf7 13. Ng5+ Ke8 14. hxg6 hxg6 15.
Rxh8 Bxh8 16. Bxg6+ Nxg6 17. Qh5 Qe7 18. Qxg6+ Kd7 19. f5 exf5 20. Qxf5+ Kc6
21. Qg6+ Kd7 22. Bd2 Rf8 23. O-O-O Qg7 24. Qh5 Bc8 25. Qh3+ Kc6 26. Qb3 a5 27.
Qa4+ Kb6 28. Bxb4 Qxg5+ 29. Bd2 Qd8 30. Bxa5+ Kb7 31. Qb5+ Ka8 32. Bb4 Ne7 33.
Rd3 Bb7 34. Rb3 c6 35. Qa4+ Kb8 36. Bd6+ Kc8 37. Qb4 Qd7 38. Bxe7 Rf7 39. Bd6
Rf1+ 40. Kd2 Qg4 41. Qxb7+ 1-0

[Event "RA Summer Pickup #2"]
[Site "Ottawa CAN"]
[Date "2010.07.15"]
[Round "2"]
[White "Kosmin, Walter"]
[Black "Pacey, Kevin"]
[Result "1/2-1/2"]
[WhiteElo "1916"]
[BlackElo "2402"]
[PlyCount "73"]
[EventDate "2010.06.24"]
[EventType "swiss"]
[EventRounds "6"]
[EventCountry "CAN"]

1. b4 e5 2. Bb2 d6 3. e3 Nf6 4. a4 Nbd7 5. d3 d5 6. b5 Bb4+ 7. Nd2 O-O 8. c3
Bd6 9. Ngf3 c5 10. e4 d4 11. Nc4 Qe7 12. Be2 dxc3 13. Bxc3 Re8 14. O-O h6 15.
h3 Nh7 16. Qb3 Nhf8 17. Ne3 Nf6 18. Nd2 Ng6 19. Ndc4 Nf4 20. Qc2 Bd7 21. Kh2
Rac8 22. Rfd1 Bb8 23. Bf1 Qe6 24. Be1 g6 25. f3 Qe7 26. Bc3 Ne6 27. Qf2 Nd4 28.
g3 Be6 29. Bg2 Kh7 30. Rab1 Nh5 31. Bd2 f5 32. Nf1 Rf8 33. Qe1 Nc2 34. Qe2 Nd4
35. Qe1 Nc2 36. Qe2 Nd4 37. Qe1 1/2-1/2

[Event "RA Summer Pickup #2"]
[Site "Ottawa CAN"]
[Date "2010.07.22"]
[Round "3"]
[White "Pacey, Kevin"]
[Black "Palsson, Halldor"]
[Result "1-0"]
[WhiteElo "2402"]
[BlackElo "2079"]
[PlyCount "65"]
[EventDate "2010.06.24"]
[EventType "swiss"]
[EventRounds "6"]
[EventCountry "CAN"]

1. e4 e6 2. d4 d5 3. Nc3 Bb4 4. a3 Bxc3+ 5. bxc3 dxe4 6. Qg4 Nf6 7. Qxg7 Rg8 8.
Qh6 Nbd7 9. Ne2 b6 10. Ng3 Bb7 11. Be2 Qe7 12. a4 O-O-O 13. Ba3 c5 14. O-O Rg6
15. Qh4 Rdg8 16. a5 Nd5 17. Qxe7 Nxe7 18. Bh5 R6g7 19. axb6 axb6 20. Bc1 Nf5
21. dxc5 bxc5 22. Ra5 f6 23. Rd1 Nxg3 24. hxg3 Kc7 25. Bh6 Re7 26. Rda1 f5 27.
Be3 Kc6 28. Be2 Kb6 29. Bb5 Rc8 30. Ba6 Bxa6 31. Rxa6+ Kb5 32. Ra7 Rc6 33. Rd1
1-0

[Event "RA Summer Pickup #2"]
[Site "Ottawa CAN"]
[Date "2010.07.29"]
[Round "4"]
[White "Dougherty, Doug"]
[Black "Pacey, Kevin"]
[Result "0-1"]
[WhiteElo "1945"]
[BlackElo "2402"]
[PlyCount "38"]
[EventDate "2010.06.24"]
[EventType "swiss"]
[EventRounds "6"]
[EventCountry "CAN"]

1. d4 d5 2. Nd2 Nc6 3. Ngf3 Bg4 4. e3 e5 5. dxe5 Nxe5 6. Be2 Bxf3 7. Nxf3 Nxf3+
8. Bxf3 Nf6 9. c4 c6 10. Qb3 Qc7 11. cxd5 cxd5 12. Bxd5 Qa5+ 13. Bd2 Qxd5 14.
Qxd5 Nxd5 15. Rc1 Bd6 16. Ke2 Ke7 17. e4 Nf4+ 18. Ke3 Nxg2+ 19. Kd4 Rhd8 0-1

[Event "RA Summer Pickup #3"]
[Site "Ottawa CAN"]
[Date "2010.08.05"]
[Round "1"]
[White "Sadeghi, Saeid"]
[Black "Pacey, Kevin"]
[Result "0-1"]
[WhiteElo "2042"]
[BlackElo "2402"]
[PlyCount "86"]
[EventDate "2010.08.05"]
[EventType "swiss"]
[EventRounds "6"]
[EventCountry "CAN"]

1. d4 d5 2. c4 e6 3. Nc3 c6 4. Nf3 Nf6 5. g3 dxc4 6. Bg2 b5 7. Ne5 Nd5 8. e4
Nxc3 9. bxc3 Bd6 10. Nxc6 Nxc6 11. e5 Bb7 12. exd6 Qxd6 13. O-O O-O 14. a4 b4
15. cxb4 Rfd8 16. b5 Na5 17. Bxb7 Nxb7 18. Ba3 Qxd4 19. Qf3 Nc5 20. Bxc5 Qxc5
21. Rfc1 Rac8 22. Qa3 h6 23. Qxc5 Rxc5 24. Rc3 Rd3 25. Rac1 Rxc3 26. Rxc3 Kf8
27. Kf1 Ke7 28. Ke2 Kd6 29. Ke3 e5 30. Ke4 Ke6 31. g4 g6 32. h3 f5+ 33. gxf5+
gxf5+ 34. Ke3 Kd5 35. Kd2 f4 36. f3 Kd4 37. Kc2 e4 38. fxe4 Kxe4 39. a5 Rxb5
40. Rxc4+ Ke3 41. a6 Rb6 42. Ra4 f3 43. Kd1 Rd6+ 0-1

[Event "RA Summer Pickup #3"]
[Site "Ottawa CAN"]
[Date "2010.08.12"]
[Round "2"]
[White "Pacey, Kevin"]
[Black "Upper, John"]
[Result "1/2-1/2"]
[WhiteElo "2403"]
[BlackElo "2197"]
[PlyCount "50"]
[EventDate "2010.08.05"]
[EventType "swiss"]
[EventRounds "6"]
[EventCountry "CAN"]

1. f4 d5 2. Nf3 g6 3. g3 Bg7 4. Bg2 c5 5. O-O Nc6 6. d3 Nh6 7. c3 d4 8. e4 dxe3
9. Bxe3 b6 10. Ne5 Nxe5 11. Bxa8 Bg4 12. Qa4+ Bd7 13. Qe4 Neg4 14. Bc6 f5 15.
Qe6 Bxc6 16. Qxc6+ Kf7 17. Re1 Qxd3 18. Bxc5 bxc5 19. Qe6+ Kf8 20. Qxe7+ Kg8
21. Na3 Bd4+ 22. cxd4 Qxd4+ 23. Kh1 Qd5+ 24. Kg1 Qd4+ 25. Kh1 Qd5+ 1/2-1/2

[Event "RA Summer Pickup #3"]
[Site "Ottawa CAN"]
[Date "2010.08.19"]
[Round "3"]
[White "Pacey, Kevin"]
[Black "Torres, Aleksandr"]
[Result "1/2-1/2"]
[WhiteElo "2403"]
[BlackElo "2128"]
[PlyCount "47"]
[EventDate "2010.08.05"]
[EventType "swiss"]
[EventRounds "6"]
[EventCountry "CAN"]

1. e4 e6 2. d4 d5 3. e5 c5 4. c3 Nc6 5. Nf3 Bd7 6. Bd3 Rc8 7. dxc5 Bxc5 8. O-O
f6 9. b4 Be7 10. b5 Na5 11. Nd4 f5 12. Bxf5 exf5 13. e6 Nf6 14. exd7+ Qxd7 15.
Qd3 g6 16. Bh6 Ng4 17. Qh3 Nxh6 18. Qxh6 Kf7 19. Nd2 Rxc3 20. Rae1 Bf8 21. Qh4
Be7 22. Qh6 Bf8 23. Qh4 Be7 24. Qh6 1/2-1/2

[Event "RA Summer Pickup #3"]
[Site "Ottawa CAN"]
[Date "2010.08.26"]
[Round "4"]
[White "Han, Zixiao"]
[Black "Pacey, Kevin"]
[Result "1-0"]
[WhiteElo "2001"]
[BlackElo "2403"]
[PlyCount "139"]
[EventDate "2010.08.05"]
[EventType "swiss"]
[EventRounds "6"]
[EventCountry "CAN"]

1. e4 e5 2. Nf3 Nc6 3. Bb5 a6 4. Ba4 Nf6 5. O-O Nxe4 6. d4 b5 7. Bb3 d5 8. dxe5
Be6 9. Nbd2 Nc5 10. c3 Nd3 11. Qe2 Nxc1 12. Rfxc1 Bc5 13. a4 Rb8 14. axb5 axb5
15. Ra6 Qd7 16. Ng5 Bf5 17. Bc2 Bxc2 18. Rxc2 Nd8 19. e6 Nxe6 20. Nxe6 fxe6 21.
Rxe6+ Kd8 22. Nb3 Ra8 23. Rd2 Bb6 24. Qe5 d4 25. Qe4 Ra7 26. g3 Kc8 27. Nxd4
Rf8 28. Re7 Qh3 29. Re8+ Rxe8 30. Qxe8+ Kb7 31. Qc6+ Kc8 32. Nb3 Qh5 33. Qe6+
Kb7 34. Qe4+ Kc8 35. Nd4 Bxd4 36. Qxd4 Ra1+ 37. Kg2 Qf7 38. Qd8+ Kb7 39. Rd7
Qc4 40. Rxg7 Qf1+ 41. Kf3 Qh1+ 42. Kg4 Qe4+ 43. f4 Qe6+ 44. f5 Qe4+ 45. Kg5
Qe3+ 46. Kf6 Ra6+ 47. Kf7 Qe5 48. Qd7 Rd6 49. Qe7 Qxf5+ 50. Kg8 Qd5+ 51. Qf7
Rd8+ 52. Kxh7 Qe4+ 53. Qg6 Qc4 54. Re7 Qc5 55. Qe4+ Ka6 56. Re6+ Ka7 57. Qe3
Qxe3 58. Rxe3 Rd2 59. b4 Rxh2+ 60. Kg6 Kb6 61. g4 c5 62. Re6+ Kc7 63. bxc5 Rc2
64. Rb6 Rxc3 65. Rxb5 Kc6 66. Ra5 Rg3 67. g5 Rg1 68. Kf6 Rf1+ 69. Kg7 Re1 70.
g6 1-0

[Event "RA Winter Frost"]
[Site "Ottawa CAN"]
[Date "2010.12.02"]
[Round "1"]
[White "Pacey, Kevin"]
[Black "Liu, Dan"]
[Result "1-0"]
[WhiteElo "2327"]
[BlackElo "1922"]
[PlyCount "79"]
[EventDate "2010.12.02"]
[EventType "swiss"]
[EventRounds "5"]
[EventCountry "CAN"]

1. d4 d5 2. Nf3 Nf6 3. c4 e6 4. g3 Be7 5. Bg2 O-O 6. O-O c6 7. Nbd2 Nbd7 8. Qc2
Qc7 9. e4 dxe4 10. Nxe4 Nxe4 11. Qxe4 Nf6 12. Qe2 c5 13. b3 b6 14. Bf4 Bd6 15.
Bxd6 Qxd6 16. Ne5 Rb8 17. Nc6 Rb7 18. dxc5 Qxc5 19. b4 Qh5 20. Qxh5 Nxh5 21.
Rfd1 Rc7 22. Rac1 a6 23. Rd6 Bb7 24. Ne5 Bxg2 25. Kxg2 Rb7 26. Nd7 Re8 27. Nxb6
Nf6 28. c5 Nd5 29. Nxd5 exd5 30. c6 Rc7 31. Rxd5 Rec8 32. a4 Kf8 33. b5 axb5
34. axb5 Rb8 35. Rcd1 Rcc8 36. Kf3 Ke8 37. Re5+ Kf8 38. Rd7 Ra8 39. Ree7 Ra3+
40. Kg2 1-0

[Event "RA Winter Frost"]
[Site "Ottawa CAN"]
[Date "2010.12.09"]
[Round "2"]
[White "Pacey, Kevin"]
[Black "Marinkovic, Mate"]
[Result "1-0"]
[WhiteElo "2327"]
[BlackElo "2211"]
[PlyCount "177"]
[EventDate "2010.12.02"]
[EventType "swiss"]
[EventRounds "5"]
[EventCountry "CAN"]

1. e4 c5 2. Nf3 e6 3. c3 Nf6 4. e5 Nd5 5. d4 cxd4 6. cxd4 d6 7. Bc4 Nb6 8. Bb3
dxe5 9. Nxe5 N8d7 10. Nf3 Nf6 11. O-O Bd7 12. Nc3 Bc6 13. Ne5 Bd5 14. Nxd5
Nfxd5 15. Ba4+ Ke7 16. Qh5 g6 17. Qh4+ Nf6 18. Bc6 Qc7 19. Bg5 Bg7 20. Ng4 Kf8
21. Bxf6 h5 22. Bxg7+ Kxg7 23. Qf6+ Kg8 24. Ne5 bxc6 25. Nxg6 fxg6 26. Qxg6+
Qg7 27. Qxe6+ Kh7 28. Qxc6 Rac8 29. Qe4+ Qg6 30. Qe7+ Qg7 31. Rae1 Rc7 32. Qh4
Qg4 33. Re7+ Rxe7 34. Qxe7+ Qg7 35. Re1 Rf8 36. Qc5 Kg6 37. Re6+ Rf6 38. Re7
Rf7 39. Qc6+ Kh7 40. Qe4+ Kg8 41. Re6 Kh8 42. Rg6 Re7 43. Re6 Rxe6 44. Qxe6
Qxd4 45. Qh6+ Kg8 46. Qxh5 Qxb2 47. Qe8+ Kg7 48. Qe7+ Kg8 49. Qe6+ Kg7 50. g3
Qc1+ 51. Kg2 Qd2 52. h4 Qd3 53. Qe7+ Kg8 54. Qxa7 Qe4+ 55. Kh2 Nd5 56. Qb8+ Kg7
57. Qb7+ Kg8 58. Qc8+ Kg7 59. Qd7+ Kg8 60. a4 Qf3 61. Qe6+ Kg7 62. Qe5+ Kg8 63.
Qd4 Nf6 64. a5 Kf7 65. a6 Ng4+ 66. Kg1 Nf6 67. a7 Qb7 68. Qc4+ Kg7 69. Qa2 Qa8
70. Qa5 Kg6 71. Qg5+ Kf7 72. Qc5 Qe4 73. Qc7+ Kg6 74. Qb6 Kf7 75. Qb3+ Kg7 76.
Qd1 Qb7 77. Qa1 Qa8 78. h5 Kf7 79. Qa5 Ne8 80. Qf5+ Nf6 81. Qa5 Ne8 82. Qb6 Qd5
83. Qg6+ Kf8 84. h6 Qd1+ 85. Kh2 Qf3 86. Qc2 Qh5+ 87. Kg1 Qd5 88. Qc1 Qb7 89.
Qa3+ 1-0

[Event "RA Winter Frost"]
[Site "Ottawa CAN"]
[Date "2010.12.16"]
[Round "3"]
[White "Doubleday, William"]
[Black "Pacey, Kevin"]
[Result "1-0"]
[WhiteElo "2119"]
[BlackElo "2327"]
[PlyCount "41"]
[EventDate "2010.12.02"]
[EventType "swiss"]
[EventRounds "5"]
[EventCountry "CAN"]

1. d4 d5 2. Nf3 e6 3. g3 Nf6 4. Bg2 Be7 5. c4 O-O 6. O-O c5 7. cxd5 exd5 8. Nc3
Nc6 9. dxc5 d4 10. Na4 Bf5 11. a3 Be4 12. b4 Qd5 13. Nb2 a5 14. Bd2 Ne5 15. Ne1
axb4 16. f3 bxa3 17. fxe4 axb2 18. Rxa8 Qxc5 19. Rxf8+ Bxf8 20. Nd3 Qb5 21.
Nxe5 1-0

[Event "RA Winter Frost"]
[Site "Ottawa CAN"]
[Date "2010.12.23"]
[Round "4"]
[White "Pacey, Kevin"]
[Black "Han, Zixiao"]
[Result "1-0"]
[WhiteElo "2327"]
[BlackElo "2046"]
[PlyCount "93"]
[EventDate "2010.12.02"]
[EventType "swiss"]
[EventRounds "5"]
[EventCountry "CAN"]

1. c4 Nf6 2. Nf3 g6 3. g3 Bg7 4. Bg2 O-O 5. O-O d6 6. Nc3 e5 7. d3 Nc6 8. Rb1
Nh5 9. b4 f5 10. Bg5 Qd7 11. b5 Nd8 12. Nd5 h6 13. Bxd8 Qxd8 14. a4 f4 15. a5
g5 16. Nd2 g4 17. a6 Rb8 18. axb7 Bxb7 19. Qa4 Nf6 20. Nxf6+ Qxf6 21. Bxb7 Rxb7
22. Qa6 Rfb8 23. Qc6 Qf7 24. Qe4 d5 25. cxd5 Rxb5 26. Rxb5 Rxb5 27. Rc1 Qxd5
28. Qxd5+ Rxd5 29. Rxc7 f3 30. Kf1 a5 31. exf3 gxf3 32. Nxf3 Rxd3 33. Ke2 e4
34. Nd2 a4 35. Nxe4 Rb3 36. Ra7 a3 37. Nd2 Rc3 38. f4 Bf8 39. Ne4 Rc6 40. g4
Bb4 41. Kd3 Rc1 42. Kd4 Rc2 43. Ke5 a2 44. Kf5 Kf8 45. Nf6 Rd2 46. Kg6 Bc3 47.
Rf7# 1-0

[Event "RA Winter Frost"]
[Site "Ottawa CAN"]
[Date "2010.12.30"]
[Round "5"]
[White "Li, Ruokai (David)"]
[Black "Pacey, Kevin"]
[Result "0-1"]
[WhiteElo "1966"]
[BlackElo "2327"]
[PlyCount "56"]
[EventDate "2010.12.02"]
[EventType "swiss"]
[EventRounds "5"]
[EventCountry "CAN"]

1. e4 Nc6 2. d4 e5 3. d5 Nce7 4. c4 Ng6 5. Nc3 Bc5 6. Nf3 Nf6 7. Be2 d6 8. O-O
O-O 9. a3 h6 10. b4 Bb6 11. Ne1 Bd4 12. Qc2 Nxe4 13. Bb2 Nxc3 14. Bxc3 Bxc3 15.
Qxc3 Nf4 16. Bf3 e4 17. Bd1 Qg5 18. Qg3 a5 19. Nc2 axb4 20. axb4 Rxa1 21. Nxa1
Bd7 22. Qxg5 hxg5 23. Re1 Ra8 24. Nc2 Ra2 25. g3 Nd3 26. Rxe4 Ba4 27. Re2 Kf8
28. Kg2 Bxc2 0-1

[Event "RA Winter op"]
[Site "Ottawa CAN"]
[Date "2010.01.22"]
[Round "1"]
[White "Hartman, Brian"]
[Black "Kirby, Patrick"]
[Result "0-1"]
[WhiteElo "2428"]
[BlackElo "2210"]
[PlyCount "32"]
[EventDate "2010.01.22"]
[EventType "swiss"]
[EventRounds "5"]
[EventCountry "CAN"]

1. e4 e5 2. Nf3 Nc6 3. Bb5 a6 4. Ba4 Nf6 5. O-O Bc5 6. Nxe5 Nxe5 7. d4 b5 8.
dxe5 Nxe4 9. Qg4 Nxf2 10. Qxg7 Rf8 11. b4 Bb6 12. Bh6 Ng4+ 13. Kh1 Nxh6 14. Bb3
Qh4 15. Nc3 Bb7 16. Rf6 Qg4 0-1